00689pam a2200205 a 4500020003200000040000800032082002600040100002200066245006900088260003700157300003500194650002100229650004500250650001700295650002100312650001200333650002200345856006200367856005400429 a0070533989 (acidfree paper) cDLC00a808 MCD 1997 A092 Or.1 aRobson, Andrew E.10aThinking globally :bwriting and reading across the curriculum / aNew York :bMcGraw-Hill,cc1997. axxiv, 574 p. :bill. ;c24 cm. 0aCollege readers. 0aInterdisciplinary approach in education. 0aCivilization 0aEnglish language 0aReaders 0aAcademic writing.42uhttp://www.loc.gov/catdir/description/mh022/96033227.html41uhttp://www.loc.gov/catdir/toc/mh022/96033227.html